Escribe el antónimo de estas palabras #1 - Estadísticas

Estadísticas generales
  • Esta prueba ha sido intentada 4.956 veces
    4.497 desde el último reinicio
  • La puntuación promedio es 20 de 21
Estadísticas de respuestas
Palabra Contrario % Correcto
Máximo Mínimo
100%
Blanco Negro
100%
Arriba Abajo
99%
Alto Bajo
99%
Mal Bien
99%
Frío Calor
99%
Izquierda Derecha
99%
Nacer Morir
99%
Hombre Mujer
99%
Siempre Nunca
99%
Plural Singular
99%
Feliz Triste
99%
Largo Corto
98%
Bonito Feo
98%
Flaco Gordo
98%
Claro Oscuro
97%
Implícito Explícito
93%
Artificial Natural
92%
Amor Odio
92%
Ancho Angosto
88%
Sombra Luz
86%
No se encontraron pruebas coincidentes
Distribución de puntuación
Porcentaje de gente con cada puntuación
Porcentaje por número respondido
Historial de tus puntuaciones
No has intentado esta prueba desde el último reinicio